000 00658nam a2200253Ia 4500
003 OSt
005 20220918205549.0
006 a|||||r|||| 00| 0
007 ta
008 220917b |||||||| |||| 00| 0 eng d
024 _a117,045
037 _cTextual
040 _aARTS
_cARTS
_beng
041 _2eng
_aeng
082 _aV642.N, M6
100 _aMeiber Hennig
_9115475
245 0 _aOur Namibia
_b A social studies text book
260 _aLondon
_bZed Books UK
_c1986
300 _a167p.
_ccm.
500 _aAppendix p156-167
650 _aHISTORY
942 _hV642.N, M6
_cTEXL
_2CC
999 _c240339
_d240339